[Event "COL-chT sf (Women)"]
[Site "Medellin"]
[Date "2024.11.09"]
[Round "5.1"]
[White "Briceno Suarez, Elisabet"]
[Black "Moncada Correa, Sara"]
[Result "0-1"]
[WhiteElo "1489"]
[BlackElo "2068"]
[PlyCount "66"]
[EventDate "2024.11.07"]
[EventType "team-swiss"]
[EventRounds "5"]
[EventCountry "COL"]
[SourceTitle "CB49_2024"]
[SourceDate "2024.12.04"]
[SourceVersion "1"]
[SourceVersionDate "2024.12.04"]
[SourceQuality "1"]
[WhiteTeam "Antioquia Sabaneta (W)"]
[BlackTeam "Antioquia (W)"]
[WhiteTeamCountry "COL"]
[BlackTeamCountry "COL"]

1. e4 e5 2. Nf3 Nc6 3. Bc4 Nf6 4. d3 Bc5 5. c3 a5 6. Bb3 0-0 7. 0-0 Ba7 8. Bc2 d6 9. Nbd2 Be6 10. Qe2 Ne7 11. Re1 Ng6 12. Nf1 Nh5 13. Bd2 Nhf4 14. Bxf4 Nxf4 15. Qd2 Qf6 16. Ng3 Bg4 17. Bd1 Qh6 18. Qc2 Qf6 19. Qd2 h5 20. Nf1 g6 21. Ne3 Kg7 22. Rf1 Rh8 23. g3 Nh3+ 24. Kg2 c6 25. Nxg4 hxg4 26. Nh4 Nf4+ 27. Kg1 Rxh4 28. gxh4 Qxh4 29. Kh1 Rh8 30. f3 g3 31. d4 g2+ 32. Qxg2 Nxg2 33. Kxg2 Qxh2# 0-1

[Event "Juegos Univers 31st (Women) rapid op"]
[Site "Pereira"]
[Date "2024.10.02"]
[Round "5"]
[White "Moncada Correa, Sara"]
[Black "Bolanos Calvache, Brigeth Vanessa"]
[Result "1-0"]
[WhiteElo "2044"]
[BlackElo "1781"]
[PlyCount "74"]
[EventDate "2024.10.01"]
[EventType "swiss"]
[EventRounds "7"]
[EventCountry "COL"]
[SourceTitle "EXT 2025"]
[Source "ChessBase"]
[SourceDate "2024.10.14"]
[SourceVersion "1"]
[SourceVersionDate "2024.10.14"]
[SourceQuality "1"]

1. d4 Nf6 2. c4 e6 3. Nf3 b6 4. g3 Bb7 5. Bg2 c5 6. d5 exd5 7. Nh4 d6 8. cxd5 g6 9. Nc3 Bg7 10. 0-0 0-0 11. e4 Re8 12. Re1 a6 13. a4 Nbd7 14. f4 c4 15. Be3 Nc5 16. Bxc5 bxc5 17. Qe2 Nxd5 18. Qxc4 Nb4 19. Re2 Bd4+ 20. Kh1 Rb8 21. Rae1 a5 22. Nf3 Ba6 23. Nb5 Bg7 24. Rd1 Bc8 25. Rxd6 Qe7 26. e5 Be6 27. Qe4 Bf5 28. Qe3 c4 29. Red2 Nd3 30. Qd4 Bf8 31. Ng5 h6 32. Ne4 Red8 33. Nf6+ Kg7 34. Be4 Rxd6 35. Nxd6 Bxe4+ 36. Nfxe4 Qc7 37. e6+ f6 1-0

[Event "Juegos Univers 31st (Women) op"]
[Site "Pereira"]
[Date "2024.09.30"]
[Round "5"]
[White "Ceballos Castellanos, Isabela"]
[Black "Moncada Correa, Sara"]
[Result "1/2-1/2"]
[WhiteElo "1855"]
[BlackElo "2044"]
[PlyCount "110"]
[EventDate "2024.09.28"]
[EventType "swiss"]
[EventRounds "7"]
[EventCountry "COL"]
[SourceTitle "EXT 2025"]
[Source "ChessBase"]
[SourceDate "2024.10.14"]
[SourceVersion "1"]
[SourceVersionDate "2024.10.14"]
[SourceQuality "1"]

1. e4 e5 2. d4 exd4 3. c3 dxc3 4. Nxc3 Nc6 5. Bc4 Nf6 6. Nf3 Bd6 7. 0-0 0-0 8. Bg5 Be7 9. e5 Ng4 10. Bf4 d6 11. exd6 cxd6 12. Re1 Nge5 13. Be2 Be6 14. Nd5 Bf6 15. Nxf6+ Qxf6 16. Qd2 h6 17. Bg3 Rfd8 18. b3 Nxf3+ 19. Bxf3 d5 20. b4 Rac8 21. Rad1 b5 22. a3 a6 23. h3 d4 24. Bxc6 Rxc6 25. Be5 Qg6 26. Qd3 Bf5 27. Qf3 d3 28. Re3 Rc2 29. Kh2 d2 30. Bc3 Rxc3 31. Rxc3 Bc2 32. Rxc2 Qxc2 33. Qe2 Kh7 34. f4 Rd4 35. Kg3 Qf5 36. Qf2 Rd3+ 37. Kh2 Qd5 38. Kg1 f5 39. h4 Qa2 40. h5 Qc2 41. Qe2 Rd4 42. Kh2 Rd6 43. g4 fxg4 44. Qxg4 Qb2 45. Qf5+ Kg8 46. Qc8+ Kf7 47. Qc7+ Ke6 48. f5+ Ke5 49. Qxg7+ Rf6 50. Qe7+ Kxf5 51. Rf1+ Kg5 52. Qe3+ Kxh5 53. Qh3+ Kg6 54. Rg1+ Kf7 55. Qd7+ Kf8 1/2-1/2

[Event "Juegos Univers 31st (Women) op"]
[Site "Pereira"]
[Date "2024.09.30"]
[Round "6"]
[White "Moncada Correa, Sara"]
[Black "Chirivi Castiblanco, Angie Lizeth"]
[Result "1/2-1/2"]
[WhiteElo "2044"]
[BlackElo "2063"]
[PlyCount "104"]
[EventDate "2024.09.28"]
[EventType "swiss"]
[EventRounds "7"]
[EventCountry "COL"]
[SourceTitle "EXT 2025"]
[Source "ChessBase"]
[SourceDate "2024.10.14"]
[SourceVersion "1"]
[SourceVersionDate "2024.10.14"]
[SourceQuality "1"]

1. d4 Nf6 2. c4 g6 3. Nf3 Bg7 4. g3 0-0 5. Bg2 d5 6. cxd5 Nxd5 7. 0-0 Nc6 8. Nc3 Nb6 9. e3 Bg4 10. h3 Bd7 11. Qe2 Qc8 12. Kh2 a5 13. Bd2 Nb4 14. a3 Na6 15. Rac1 c6 16. e4 Nc7 17. Be3 Ra6 18. Rfd1 Qe8 19. Bf1 Ra8 20. d5 Nc8 21. Bf4 Na6 22. Ne5 cxd5 23. exd5 Nd6 24. Re1 Nf5 25. Rcd1 Ba4 26. Nxa4 Qxa4 27. Qb5 Qc2 28. Rd2 Qc8 29. Nf3 Rd8 30. g4 Nd6 31. Qe2 Bf8 32. Be5 Qd7 33. Bc3 Nc5 34. Qe5 f6 35. Qf4 Nf7 36. Rdd1 b6 37. Kg1 Rac8 38. Bg2 Na4 39. Nd4 Nxc3 40. bxc3 Rxc3 41. Nc6 Re8 42. Qd4 Rxa3 43. Qxb6 Qd6 44. Re6 Qf4 45. Rde1 Ng5 46. Nxe7+ Rxe7 47. Rxe7 Bxe7 48. Rxe7 Ra1+ 49. Bf1 Nf3+ 50. Kg2 Nh4+ 51. Kg1 Nf3+ 52. Kg2 Nh4+ 1/2-1/2

[Event "Juegos Univers 31st (Women) op"]
[Site "Pereira"]
[Date "2024.09.28"]
[Round "2"]
[White "Moncada Correa, Sara"]
[Black "Espinel Forero, Aura Maria"]
[Result "1-0"]
[WhiteElo "2044"]
[BlackElo "1717"]
[PlyCount "73"]
[EventDate "2024.09.28"]
[EventType "swiss"]
[EventRounds "7"]
[EventCountry "COL"]
[SourceTitle "EXT 2025"]
[Source "ChessBase"]
[SourceDate "2024.10.14"]
[SourceVersion "1"]
[SourceVersionDate "2024.10.14"]
[SourceQuality "1"]

1. d4 Nf6 2. c4 c5 3. d5 b5 4. Qc2 g6 5. e4 d6 6. cxb5 Bg7 7. Nf3 0-0 8. Nc3 a6 9. a4 Bd7 10. Be2 axb5 11. Nxb5 Na6 12. 0-0 Nb4 13. Qb1 Qa5 14. Bd2 Rfb8 15. Bc3 Rb7 16. h3 Nh5 17. Qc1 Nf6 18. Nd2 Qd8 19. b3 Bxb5 20. Bxb5 Rab8 21. Bc4 Nd7 22. Bxg7 Kxg7 23. Qc3+ Kg8 24. f4 Nb6 25. Rf3 Nxc4 26. Nxc4 e6 27. dxe6 fxe6 28. f5 d5 29. exd5 Nxd5 30. Qe5 Qe7 31. fxe6 Qg7 32. Re1 Qxe5 33. Rxe5 Ne7 34. Rf7 Nf5 35. g4 Nd4 36. Rxb7 Rxb7 37. e7 1-0

[Event "Juegos Univers 31st (Women) blitz op"]
[Site "Pereira"]
[Date "2024.09.25"]
[Round "5"]
[White "Moncada Correa, Sara"]
[Black "Chirivi Castiblanco, Angie Lizeth"]
[Result "0-1"]
[WhiteElo "2044"]
[BlackElo "2063"]
[PlyCount "126"]
[EventDate "2024.09.25"]
[EventType "swiss"]
[EventRounds "14"]
[EventCountry "COL"]
[SourceTitle "EXT 2025"]
[Source "ChessBase"]
[SourceDate "2024.10.14"]
[SourceVersion "1"]
[SourceVersionDate "2024.10.14"]
[SourceQuality "1"]

1. d4 Nf6 2. c4 g6 3. Nf3 Bg7 4. g3 0-0 5. Bg2 d5 6. cxd5 Nxd5 7. 0-0 Nc6 8. Nc3 Nb6 9. e3 e5 10. d5 Na5 11. e4 Nac4 12. b3 Nd6 13. Bg5 Qe8 14. Be3 f5 15. Nd2 f4 16. Bxb6 axb6 17. Rc1 Bd7 18. Nc4 Nxc4 19. bxc4 Qc8 20. gxf4 Rxf4 21. f3 Bh3 22. Rc2 Ra3 23. Nb5 Ra5 24. Qd3 Bf8 25. Kh1 Bc5 26. Rd1 Bxg2+ 27. Kxg2 Qd8 28. d6 c6 29. Nc7 Rh4 30. Ne6 Qd7 31. Nxc5 bxc5 32. Kh1 Ra8 33. Rb2 Rf8 34. Qe3 Rhf4 35. Rf2 R8f6 36. Qxc5 Kg7 37. Qe3 Rxd6 38. Rfd2 Rxd2 39. Rxd2 Qf7 40. Kg2 Qf6 41. Rd7+ Kh6 42. Rd2 Qg5+ 43. Kf2 Qh4+ 44. Kf1 Qh3+ 45. Ke2 Qxh2+ 46. Kd3 Qh4 47. Kc3 Qe7 48. Kb3 Qf7 49. Rf2 Kg7 50. Qc3 Qe7 51. c5 Rf8 52. f4 Re8 53. f5 Qf6 54. Kb2 Rd8 55. Qe3 Rd4 56. Qh3 g5 57. Qe3 h6 58. Qb3 Rxe4 59. Qxb7+ Qf7 60. Qxc6 Rc4 61. f6+ Kg6 62. Qd6 Qb7+ 63. Ka3 Qb4# 0-1

[Event "Juegos Univers 31st (Women) blitz op"]
[Site "Pereira"]
[Date "2024.09.25"]
[Round "11"]
[White "Moncada Correa, Sara"]
[Black "Suarez Ardila, Luisa Maria"]
[Result "1-0"]
[WhiteElo "2044"]
[BlackElo "1820"]
[PlyCount "105"]
[EventDate "2024.09.25"]
[EventType "swiss"]
[EventRounds "14"]
[EventCountry "COL"]
[SourceTitle "EXT 2025"]
[Source "ChessBase"]
[SourceDate "2024.10.14"]
[SourceVersion "1"]
[SourceVersionDate "2024.10.14"]
[SourceQuality "1"]

1. d4 Nf6 2. c4 d6 3. Nf3 g6 4. Nc3 Bg7 5. g3 0-0 6. Bg2 c5 7. 0-0 cxd4 8. Nxd4 e6 9. b3 d5 10. cxd5 Nxd5 11. Nxd5 exd5 12. Bb2 Nc6 13. e3 Be6 14. Qd2 Qb6 15. Rfd1 Rac8 16. Nxe6 fxe6 17. Bxg7 Kxg7 18. Qb2+ Rf6 19. Rac1 Rcf8 20. Rd2 Kg8 21. Rcd1 Qc7 22. Qc3 Qf7 23. Qb2 Ne7 24. Rc1 Nf5 25. Rdc2 Qg7 26. Qe5 Ne7 27. Bh3 Nf5 28. Rc7 R8f7 29. Rc8+ Rf8 30. Qb8 Rxc8 31. Rxc8+ Rf8 32. Rxf8+ Qxf8 33. Qxb7 Ng7 34. Qxa7 h6 35. Qd4 Qa3 36. Qe5 Qc1+ 37. Kg2 Qc6 38. Bg4 Qa6 39. a4 Qb6 40. Qc3 Qb7 41. Bf3 Qb6 42. b4 g5 43. h3 Qa6 44. a5 Nf5 45. Qf6 Qd6 46. b5 Qd7 47. b6 Qc8 48. a6 Qxa6 49. Qxe6+ Kg7 50. Qxf5 Qxb6 51. Qxd5 Qb1 52. Be4 g4 53. Bxb1 1-0

[Event "Titled Tuesday intern op 17th Sep Early"]
[Site "Chess,com INT"]
[Date "2024.09.17"]
[Round "9"]
[White "Krzywda, Andrzej"]
[Black "Moncada Correa, Sara"]
[Result "1-0"]
[WhiteElo "2208"]
[BlackElo "2044"]
[PlyCount "71"]
[EventDate "2024.09.17"]
[EventType "swiss (blitz)"]
[EventRounds "11"]
[EventCountry "USA"]
[SourceTitle "EXT 2025"]
[Source "ChessBase"]
[SourceDate "2024.10.14"]
[SourceVersion "1"]
[SourceVersionDate "2024.10.14"]
[SourceQuality "1"]

1. e4 c6 2. d4 d5 3. exd5 cxd5 4. Bd3 Nc6 5. c3 Nf6 6. Bf4 Bg4 7. Qb3 Qc8 8. Nd2 e6 9. Ngf3 Be7 10. 0-0 0-0 11. Rae1 Bh5 12. Qc2 Bg6 13. Bxg6 hxg6 14. Qd3 Re8 15. h4 a6 16. g3 b5 17. a3 Qb7 18. Ng5 Rac8 19. Ndf3 Bf8 20. Kg2 Nh5 21. Bd2 Bd6 22. g4 Nf4+ 23. Bxf4 Bxf4 24. h5 Qe7 25. Nh3 g5 26. Nxf4 gxf4 27. Kh3 Qd6 28. Ng5 g6 29. hxg6 f6 30. Nh7 Kg7 31. Rh1 Ne7 32. g5 fxg5 33. Nxg5 Nxg6 34. Kg2 f3+ 35. Qxf3 Rh8 36. Qf7# 1-0

[Event "Titled Tuesday intern op 17th Sep Early"]
[Site "Chess,com INT"]
[Date "2024.09.17"]
[Round "5"]
[White "Suvradeepta, Das"]
[Black "Moncada Correa, Sara"]
[Result "0-1"]
[WhiteElo "2304"]
[BlackElo "2044"]
[PlyCount "114"]
[EventDate "2024.09.17"]
[EventType "swiss (blitz)"]
[EventRounds "11"]
[EventCountry "USA"]
[SourceTitle "EXT 2025"]
[Source "ChessBase"]
[SourceDate "2024.10.14"]
[SourceVersion "1"]
[SourceVersionDate "2024.10.14"]
[SourceQuality "1"]

1. Nf3 d5 2. g3 Nf6 3. Bg2 c6 4. 0-0 Bf5 5. d4 e6 6. b3 Be7 7. Bb2 h6 8. c4 Nbd7 9. Nc3 Ne4 10. Nd2 Nxd2 11. Qxd2 Nf6 12. f3 Bg6 13. Rfe1 0-0 14. Rad1 Re8 15. Kh1 Bb4 16. a3 Be7 17. e4 dxe4 18. fxe4 Qc7 19. Rf1 Rad8 20. Qf2 Bf8 21. Bc1 Nd7 22. e5 c5 23. Be4 cxd4 24. Bxg6 fxg6 25. Qf7+ Kh8 26. Nb5 Qc6+ 27. Kg1 Nxe5 28. Qf4 d3 29. Qxe5 Bc5+ 30. Be3 Bxe3+ 31. Qxe3 a6 32. Nc3 Qd6 33. Rf3 Qxa3 34. Rxd3 Qxb3 35. c5 Qc4 36. Rd6 Rc8 37. Ne4 a5 38. Rf7 a4 39. Rdd7 Rg8 40. Qd4 Qxd4+ 41. Rxd4 a3 42. Ra4 Ra8 43. Rxa8 Rxa8 44. Rf1 a2 45. Ra1 Ra4 46. Nc3 Rc4 47. Nxa2 Rxc5 48. Nb4 b5 49. Rb1 Rc4 50. Nd3 Rc3 51. Ne5 Kh7 52. Rxb5 Rc1+ 53. Kg2 Rc2+ 54. Kh3 Re2 55. Nf3 g5 56. Nd4 Re4 57. Nf3 Re2 0-1

[Event "Medellin Castro Memorial op-A 31st"]
[Site "Medellin"]
[Date "2024.08.11"]
[Round "10"]
[White "Moncada Correa, Sara"]
[Black "Montenegro Mancera, Juan Rolando"]
[Result "1-0"]
[WhiteElo "2018"]
[BlackElo "2063"]
[PlyCount "139"]
[EventDate "2024.08.07"]
[EventType "swiss"]
[EventRounds "10"]
[EventCountry "COL"]
[SourceTitle "CBM 221 Extra"]
[Source "ChessBase"]
[SourceDate "2024.09.30"]
[SourceVersion "1"]
[SourceVersionDate "2024.09.30"]
[SourceQuality "1"]

1. d4 d5 2. c4 e6 3. Nf3 c6 4. Qc2 Nf6 5. g3 Be7 6. Bg2 0-0 7. Nbd2 Nbd7 8. 0-0 b6 9. e4 Bb7 10. e5 Ne8 11. cxd5 cxd5 12. Re1 Rc8 13. Qd1 Nc7 14. h4 Na6 15. a3 Qc7 16. Nb1 h6 17. Nc3 Nab8 18. Nh2 Ba6 19. Qg4 Kh7 20. Re3 Nc6 21. Nf3 Na5 22. Nd2 Nc4 23. Nxc4 Bxc4 24. f4 Nb8 25. f5 Nc6 26. Kh2 Bb3 27. Rf3 Rg8 28. fxe6 fxe6 29. Nb5 Qd7 30. Rxb3 Na5 31. Rf3 Qxb5 32. Bf1 Qe8 33. Bd3+ Kh8 34. Bg6 Qb5 35. Bd3 Qe8 36. Be3 Nc4 37. Raf1 Nxe3 38. Rxe3 Rf8 39. Ref3 Rxf3 40. Rxf3 Bf8 41. Kh3 Rc1 42. Rf2 Rh1+ 43. Kg2 Rc1 44. Bc2 Re1 45. Qf4 Be7 46. Qd2 Ra1 47. Qd3 g6 48. h5 Bf8 49. hxg6 Bg7 50. Qc3 Rc1 51. Qc7 b5 52. Rf7 a6 53. Kf2 b4 54. axb4 h5 55. b3 Qg8 56. Kg2 Qe8 57. Kf2 Qa8 58. Ke3 Qg8 59. Kd3 Rg1 60. Kc3 Rxg3+ 61. Kb2 h4 62. Qe7 Rg4 63. Qxe6 Rg5 64. Qe7 Rg4 65. Qd7 Rg5 66. Re7 Rh5 67. Re8 Bf8 68. Qg4 Rh6 69. Qf4 Kg7 70. Qf6# 1-0

[Event "Medellin Castro Memorial op-A 31st"]
[Site "Medellin"]
[Date "2024.08.08"]
[Round "4"]
[White "Argote Heredia, Valentina"]
[Black "Moncada Correa, Sara"]
[Result "1/2-1/2"]
[WhiteElo "2130"]
[BlackElo "2018"]
[PlyCount "129"]
[EventDate "2024.08.07"]
[EventType "swiss"]
[EventRounds "10"]
[EventCountry "COL"]
[SourceTitle "CBM 221 Extra"]
[Source "ChessBase"]
[SourceDate "2024.09.30"]
[SourceVersion "1"]
[SourceVersionDate "2024.09.30"]
[SourceQuality "1"]

1. e4 e5 2. Nf3 Nc6 3. Bb5 a6 4. Ba4 Nf6 5. 0-0 b5 6. Bb3 Be7 7. Re1 d6 8. c3 0-0 9. h3 Nb8 10. d4 Nbd7 11. Nbd2 Bb7 12. Bc2 Re8 13. Nf1 Bf8 14. Ng3 a5 15. Bg5 h6 16. Bd2 a4 17. Bd3 c6 18. Qc2 Qb6 19. Nf5 c5 20. d5 c4 21. Bf1 Kh7 22. g4 g6 23. Ng3 Bg7 24. Be3 Qc7 25. g5 hxg5 26. Nxg5+ Kg8 27. Qd2 Bc8 28. Be2 Nf8 29. Kg2 N8h7 30. Nf3 Bd7 31. a3 Kh8 32. Ng1 Qd8 33. Rf1 Qe7 34. Rae1 Rg8 35. Kh2 Ne8 36. f4 Qh4 37. fxe5 Bxe5 38. Bf4 Nef6 39. Bxe5 dxe5 40. Bd1 g5 41. Nf5 Bxf5 42. Rxf5 g4 43. Qe3 gxh3 44. Nxh3 Rg6 45. Qf2 Qh6 46. Qe3 Qg7 47. Rg1 Rg8 48. Bf3 Ng4+ 49. Bxg4 Rxg4 50. Rxg4 Qxg4 51. Qf3 f6 52. Qxg4 Rxg4 53. Nf2 Rg8 54. Rh5 Kg7 55. Kg3 Ng5 56. Kg2 Kf7 57. Kf1 Kg6 58. Rh1 Rd8 59. Rg1 Kf7 60. Ke2 Ke7 61. Ke3 Rh8 62. Rh1 Rxh1 63. Nxh1 Nh3 64. Ng3 Nf4 65. Nf5+ 1/2-1/2

[Event "Titled Tuesday intern op 16th Jul Early"]
[Site "Chess.com INT"]
[Date "2024.07.16"]
[Round "3"]
[White "Lenoir Ibacache, Gabriel Alberto"]
[Black "Moncada Correa, Sara"]
[Result "1-0"]
[WhiteElo "2228"]
[BlackElo "2018"]
[PlyCount "85"]
[EventDate "2024.07.16"]
[EventType "swiss (blitz)"]
[EventRounds "11"]
[EventCountry "USA"]
[SourceTitle "EXT 2025"]
[Source "ChessBase"]
[SourceDate "2024.10.14"]
[SourceVersion "1"]
[SourceVersionDate "2024.10.14"]
[SourceQuality "1"]

1. e4 c6 2. d4 d5 3. Nc3 dxe4 4. Nxe4 Nf6 5. Nxf6+ exf6 6. c3 Bd6 7. Bd3 0-0 8. Qh5 g6 9. Qh4 Re8+ 10. Ne2 Nd7 11. Bh6 Nf8 12. 0-0-0 Be7 13. Qg3 Qa5 14. Kb1 Bf5 15. Nc1 Ne6 16. Bd2 Rad8 17. Ka1 Bxd3 18. Nxd3 c5 19. Nxc5 Nxc5 20. dxc5 Qxc5 21. Be3 Qa5 22. Qf3 Qa4 23. b3 Qa5 24. Bd4 f5 25. Rhe1 Bf8 26. Rxe8 Rxe8 27. c4 Re1 28. Kb1 b6 29. Qd3 h6 30. Bb2 Rxd1+ 31. Qxd1 Qc5 32. Qd4 Qxd4 33. Bxd4 Bd6 34. h3 Kf8 35. Kc2 Ke7 36. Kd3 Ke6 37. Bg7 h5 38. Bc3 f6 39. b4 g5 40. a3 g4 41. f3 Bc7 42. Bd4 Bd6 43. c5 1-0

[Event "Titled Tuesday intern op 16th Jul Early"]
[Site "Chess.com INT"]
[Date "2024.07.16"]
[Round "7"]
[White "Modric, Nesa"]
[Black "Moncada Correa, Sara"]
[Result "0-1"]
[WhiteElo "2128"]
[BlackElo "2018"]
[PlyCount "92"]
[EventDate "2024.07.16"]
[EventType "swiss (blitz)"]
[EventRounds "11"]
[EventCountry "USA"]
[SourceTitle "EXT 2025"]
[Source "ChessBase"]
[SourceDate "2024.10.14"]
[SourceVersion "1"]
[SourceVersionDate "2024.10.14"]
[SourceQuality "1"]

1. e4 c6 2. d4 d5 3. e5 c5 4. c3 Nc6 5. Be2 Bf5 6. Nf3 e6 7. 0-0 Nge7 8. a3 cxd4 9. cxd4 Be4 10. Nbd2 Bg6 11. b4 Rc8 12. Bb2 Nf5 13. Rc1 Be7 14. Nb3 0-0 15. g4 Nh6 16. h3 Be4 17. Nc5 Bxf3 18. Bxf3 b6 19. Nd3 f6 20. Bg2 fxe5 21. dxe5 Qd7 22. f4 Nf7 23. f5 Bg5 24. Rc2 Rfe8 25. Qe2 exf5 26. gxf5 Nh6 27. e6 Qd6 28. b5 Ne7 29. Rxc8 Rxc8 30. Be5 Qxa3 31. f6 gxf6 32. Bxf6 Bxf6 33. Rxf6 Qa1+ 34. Rf1 Qd4+ 35. Kh1 Nhf5 36. Rf3 Kg7 37. Nf4 Qe4 38. Nh5+ Kh6 39. Qd1 Qh4 40. Nf6 Qxf6 41. Rf4 Qg5 42. Rg4 Ne3 43. Qe2 Nxg4 44. hxg4 Rc1+ 45. Kh2 Qh4+ 46. Bh3 Qg5 0-1

[Event "Titled Tuesday intern op 16th Jul Early"]
[Site "Chess.com INT"]
[Date "2024.07.16"]
[Round "9"]
[White "Moncada Correa, Sara"]
[Black "Ruiz Vazquez, Javier"]
[Result "0-1"]
[WhiteElo "2018"]
[BlackElo "2237"]
[PlyCount "72"]
[EventDate "2024.07.16"]
[EventType "swiss (blitz)"]
[EventRounds "11"]
[EventCountry "USA"]
[SourceTitle "EXT 2025"]
[Source "ChessBase"]
[SourceDate "2024.10.14"]
[SourceVersion "1"]
[SourceVersionDate "2024.10.14"]
[SourceQuality "1"]

1. d4 Nf6 2. c4 g6 3. Nf3 d5 4. cxd5 Nxd5 5. g3 Bg7 6. Bg2 0-0 7. 0-0 c5 8. dxc5 Nc6 9. a3 a5 10. Nbd2 h6 11. Nc4 Be6 12. Qa4 Qd7 13. Rd1 Rfd8 14. Be3 Qc7 15. Nb6 Rab8 16. Nxd5 Bxd5 17. Qb5 e5 18. Rac1 Be6 19. b4 axb4 20. axb4 Bb3 21. Re1 e4 22. Nd2 Bd5 23. Nc4 Ne5 24. Nxe5 Bxe5 25. Bxh6 Bc6 26. Qb6 Qe7 27. Bf4 Bxf4 28. gxf4 Ra8 29. b5 Bd5 30. e3 g5 31. fxg5 Qxg5 32. Kh1 Ra2 33. Rg1 Kh7 34. Bxe4+ Bxe4+ 35. f3 Bxf3+ 36. Rg2 Qxg2# 0-1

[Event "Titled Tuesday intern op 09th Jul Early"]
[Site "Chess.com INT"]
[Date "2024.07.09"]
[Round "8"]
[White "Bulatova, Kamaliya"]
[Black "Moncada Correa, Sara"]
[Result "0-1"]
[WhiteElo "2091"]
[BlackElo "2018"]
[PlyCount "68"]
[EventDate "2024.07.09"]
[EventType "swiss (blitz)"]
[EventRounds "11"]
[EventCountry "USA"]
[SourceTitle "EXT 2025"]
[Source "ChessBase"]
[SourceDate "2024.10.14"]
[SourceVersion "1"]
[SourceVersionDate "2024.10.14"]
[SourceQuality "1"]

1. d4 d5 2. Bf4 Nf6 3. e3 c5 4. c3 Nc6 5. Nd2 g6 6. Ngf3 Bg7 7. Bb5 Qb6 8. Qe2 0-0 9. 0-0 Nd7 10. a4 a6 11. Bxc6 Qxc6 12. e4 dxe4 13. Nxe4 cxd4 14. cxd4 b6 15. Rac1 Qd5 16. Nc3 Qf5 17. Bg3 Bb7 18. Qxe7 Bxf3 19. gxf3 Rfe8 20. Qd6 Rad8 21. Kg2 Ne5 22. Qxb6 Qxf3+ 23. Kg1 Nd3 24. Rcd1 Bxd4 25. Qxa6 Nxf2 26. Bxf2 Bxf2+ 27. Rxf2 Rxd1+ 28. Nxd1 Qxd1+ 29. Rf1 Qg4+ 30. Kh1 Re2 31. Qa8+ Kg7 32. Qd5 f5 33. Qd7+ Kh6 34. Qc7 Qg2# 0-1

[Event "Titled Tuesday intern op 09th Jul Early"]
[Site "Chess.com INT"]
[Date "2024.07.09"]
[Round "2"]
[White "Moncada Correa, Sara"]
[Black "Bashirov, Kemal"]
[Result "0-1"]
[WhiteElo "2018"]
[BlackElo "2339"]
[PlyCount "134"]
[EventDate "2024.07.09"]
[EventType "swiss (blitz)"]
[EventRounds "11"]
[EventCountry "USA"]
[SourceTitle "EXT 2025"]
[Source "ChessBase"]
[SourceDate "2024.10.14"]
[SourceVersion "1"]
[SourceVersionDate "2024.10.14"]
[SourceQuality "1"]

1. d4 d5 2. c4 e6 3. Nf3 Nf6 4. g3 Be7 5. Bg2 0-0 6. 0-0 dxc4 7. Qc2 a6 8. a4 Bd7 9. Qxc4 Bc6 10. Bf4 Nbd7 11. Nc3 Bd6 12. Bg5 h6 13. Bxf6 Nxf6 14. Qd3 Qe7 15. e4 e5 16. dxe5 Bxe5 17. Nxe5 Qxe5 18. Rad1 Rfe8 19. Rfe1 Re7 20. Qd4 Qxd4 21. Rxd4 Rae8 22. f3 Kf8 23. Red1 Nd7 24. b4 Nb6 25. a5 Na4 26. Nxa4 Bxa4 27. R1d2 Re5 28. Rc4 Bc6 29. f4 Rb5 30. e5 Bxg2 31. Kxg2 c6 32. Rdd4 Ke7 33. Rc5 Rxc5 34. bxc5 f6 35. exf6+ Kxf6 36. Kf3 Re1 37. Rb4 Re7 38. Rd4 Kf7 39. Rb4 Ke6 40. Rd4 Rf7 41. Rd6+ Ke7 42. Rd4 Kf6 43. Ke4 Re7+ 44. Kf3 g5 45. fxg5+ hxg5 46. Rb4 Rd7 47. Ke4 Ke6 48. h4 gxh4 49. gxh4 Rh7 50. Kd3 Kd5 51. Rc4 Re7 52. h5 Rh7 53. Rb4 Kxc5 54. Rh4 Kb5 55. h6 Kxa5 56. Ke4 b5 57. Kf5 b4 58. Kg6 Rh8 59. Kg7 Rxh6 60. Kxh6 Ka4 61. Kg5 Ka3 62. Kf4 b3 63. Rh1 b2 64. Ke3 Ka2 65. Rh2 Ka1 66. Rh5 b1Q 67. Ra5+ Qa2 0-1

[Event "Titled Tuesday intern op 09th Jul Early"]
[Site "Chess.com INT"]
[Date "2024.07.09"]
[Round "5"]
[White "Moncada Correa, Sara"]
[Black "Elsness, Frode"]
[Result "0-1"]
[WhiteElo "2018"]
[BlackElo "2418"]
[PlyCount "60"]
[EventDate "2024.07.09"]
[EventType "swiss (blitz)"]
[EventRounds "11"]
[EventCountry "USA"]
[SourceTitle "EXT 2025"]
[Source "ChessBase"]
[SourceDate "2024.10.14"]
[SourceVersion "1"]
[SourceVersionDate "2024.10.14"]
[SourceQuality "1"]

1. d4 Nf6 2. c4 g6 3. Nf3 Bg7 4. g3 0-0 5. Bg2 d5 6. cxd5 Nxd5 7. 0-0 Nb6 8. Nc3 Nc6 9. e3 e5 10. d5 Ne7 11. e4 f5 12. Qb3 Kh8 13. Ng5 a5 14. a3 h6 15. Ne6 Bxe6 16. dxe6 a4 17. Qa2 f4 18. Rd1 Qe8 19. Nd5 Nbxd5 20. exd5 g5 21. Be4 Nf5 22. Bd2 Nd6 23. Bc2 Qh5 24. Bd3 fxg3 25. fxg3 Qf3 26. Bf1 Ne4 27. Bb4 Nxg3 28. hxg3 Qxg3+ 29. Bg2 Rf2 30. b3 Qxg2# 0-1

[Event "Titled Tuesday intern op 09th Jul Early"]
[Site "Chess.com INT"]
[Date "2024.07.09"]
[Round "10"]
[White "Moncada Correa, Sara"]
[Black "Haszon, David"]
[Result "0-1"]
[WhiteElo "2018"]
[BlackElo "2248"]
[PlyCount "78"]
[EventDate "2024.07.09"]
[EventType "swiss (blitz)"]
[EventRounds "11"]
[EventCountry "USA"]
[SourceTitle "EXT 2025"]
[Source "ChessBase"]
[SourceDate "2024.10.14"]
[SourceVersion "1"]
[SourceVersionDate "2024.10.14"]
[SourceQuality "1"]

1. d4 d5 2. c4 c5 3. cxd5 Qxd5 4. Nf3 cxd4 5. Qxd4 Nf6 6. Nc3 Qxd4 7. Nxd4 a6 8. Bg5 e5 9. Bxf6 gxf6 10. Nb3 Nc6 11. e3 Be6 12. Be2 f5 13. 0-0 Rg8 14. Rfd1 Nb4 15. Na5 b6 16. Nc4 Bxc4 17. Bxc4 b5 18. Bd5 Rd8 19. a3 Nxd5 20. Nxd5 Rg6 21. Rac1 Rgd6 22. Nc7+ Ke7 23. Rxd6 Rxd6 24. Kf1 f4 25. Ke2 fxe3 26. fxe3 Kd7 27. b4 Be7 28. Rc5 Rd2+ 29. Kxd2 Bxc5 30. Nxa6 Bd6 31. Kd3 f5 32. e4 f4 33. Ke2 Kc6 34. Kf3 Kb6 35. Nc5 Bxc5 36. bxc5+ Kxc5 37. g3 fxg3 38. hxg3 Kd4 39. g4 h6 0-1